<?xml version="1.0" encoding="UTF-8"?>
<record
    xmlns:xsi="http://www.w3.org/2001/XMLSchema-instance"
    xsi:schemaLocation="http://www.loc.gov/MARC21/slim http://www.loc.gov/standards/marcxml/schema/MARC21slim.xsd"
    xmlns="http://www.loc.gov/MARC21/slim">

  <leader>02550nam a2200301 a 4500</leader>
  <controlfield tag="001">000027045</controlfield>
  <controlfield tag="003">DO-SdBNP</controlfield>
  <controlfield tag="005">20251120073733.0</controlfield>
  <controlfield tag="007">ta</controlfield>
  <controlfield tag="008">110329s1981    dr            000 0 spa d</controlfield>
  <datafield tag="040" ind1=" " ind2=" ">
    <subfield code="a">DO-SdBNP</subfield>
    <subfield code="b">spa</subfield>
    <subfield code="c">BNPHU</subfield>
  </datafield>
  <datafield tag="082" ind1=" " ind2="4">
    <subfield code="a">330.97293</subfield>
    <subfield code="b">V422c</subfield>
    <subfield code="2">22</subfield>
  </datafield>
  <datafield tag="100" ind1="1" ind2=" ">
    <subfield code="a">Vega, Bernardo,</subfield>
    <subfield code="d">1938 -</subfield>
    <subfield code="9">3222</subfield>
  </datafield>
  <datafield tag="245" ind1="1" ind2="3">
    <subfield code="a">La coyuntura econ&#xF3;mica dominicana 1980-1981 /</subfield>
    <subfield code="c">Bernardo Vega ; pr&#xF3;logo Rafael Herrera</subfield>
  </datafield>
  <datafield tag="260" ind1=" " ind2=" ">
    <subfield code="a">Santiago, Rep&#xFA;blica Dominicana :</subfield>
    <subfield code="b">UCMM,</subfield>
    <subfield code="c">1981</subfield>
  </datafield>
  <datafield tag="300" ind1=" " ind2=" ">
    <subfield code="a">146 p. ;</subfield>
    <subfield code="c">22 cm.</subfield>
  </datafield>
  <datafield tag="490" ind1="1" ind2=" ">
    <subfield code="a">Estudios ;</subfield>
    <subfield code="v">73</subfield>
  </datafield>
  <datafield tag="505" ind1=" " ind2=" ">
    <subfield code="a">Introducci&#xF3;n</subfield>
    <subfield code="t">Pr&#xF3;logo. /</subfield>
    <subfield code="r">Don Rafael Herrera.--</subfield>
    <subfield code="t">Imperialismo a la Criolla (3 de mayo de 1980).--</subfield>
    <subfield code="t">Cuadrando el descuadre (24 de mayo de 1980).--</subfield>
    <subfield code="t">El quinto del rey y el decimo de la OPEP (14 de junio de 1980).--</subfield>
    <subfield code="t">El parto de los mini- d&#xF3;lares (5 de julio de 1980).--</subfield>
    <subfield code="t">Mitos y leyendas econ&#xF3;micas en Santo Domingo (12 de julio de 1980).--</subfield>
    <subfield code="t">Carta a m&#xED; mismo (18 de julio de 1980).--</subfield>
    <subfield code="t">Los d&#xF3;lares ajenos (26 de julio de 1980).-- .--</subfield>
    <subfield code="t">Juan Bobo y Pedro Animal (2 de agosto de 1980).--</subfield>
    <subfield code="t">Sue&#xF1;o a la Sombra de las Pir&#xE1;mides. (23 de agosto de 1980).--</subfield>
    <subfield code="t">Grado de cumplimiento  de programa econ&#xF3;mico del gobierno (30 de agosto de 1980).--</subfield>
    <subfield code="t">La F&#xE1;bula de los tres motores (13 de septiembre de 1980).--</subfield>
    <subfield code="t">Los apuros de la clase media dominicana, a pesar del discreto encanto de nuestra burgues&#xED;a (4 de octubre de 1980).--</subfield>
    <subfield code="t">El dif&#xED;cil parto de las agroindustrias (11 de octubre de 1980).--</subfield>
    <subfield code="t">Venezuela: Financiamientos, Refiner&#xED;as, Exploraciones y otros Corotos (18 de octubre de 1980).--</subfield>
    <subfield code="t">Recordando mis Tiempos de Estudiantes (25 de octubre de 1980).--</subfield>
    <subfield code="t">&#xBF;Qui&#xE9;n realmente paga el costo de nuestra electricidad? (1 de noviembre de 1980).--</subfield>
    <subfield code="t">El Estado Promotor (8 de noviembre de 1980).--</subfield>
    <subfield code="t">Contrastes (15 de noviembre de 1980).--</subfield>
    <subfield code="t">Cap&#xED;tulo In&#xE9;dito del Diario del Almirante de la Mar Oceana (22 de noviembre de 1980).--</subfield>
    <subfield code="t">La Pastoral Econ&#xF3;mica (6 de diciembre de 1980).--</subfield>
    <subfield code="t">Se acaba el Man&#xED; (20 de diciembre de 1980).--</subfield>
    <subfield code="t">La Catedra de Econom&#xED;a (28 de febrero de 1981</subfield>
  </datafield>
  <datafield tag="590" ind1=" " ind2=" ">
    <subfield code="a">Inventariado, 2018/VM</subfield>
  </datafield>
  <datafield tag="651" ind1=" " ind2="4">
    <subfield code="a">Rep&#xFA;blica Dominicana</subfield>
    <subfield code="x">Condiciones econ&#xF3;micas</subfield>
    <subfield code="y">1980-1981</subfield>
    <subfield code="9">54136</subfield>
  </datafield>
  <datafield tag="651" ind1=" " ind2="4">
    <subfield code="a">Rep&#xFA;blica Dominicana</subfield>
    <subfield code="x">Pol&#xED;tica econ&#xF3;mica</subfield>
    <subfield code="y">1980-1981</subfield>
    <subfield code="9">54137</subfield>
  </datafield>
  <datafield tag="651" ind1=" " ind2="4">
    <subfield code="a">Rep&#xFA;blica Dominicana</subfield>
    <subfield code="x">Relaciones econ&#xF3;micas exteriores</subfield>
    <subfield code="y">1980-1981</subfield>
    <subfield code="9">54138</subfield>
  </datafield>
  <datafield tag="700" ind1="1" ind2=" ">
    <subfield code="a">Herrera, Rafael,</subfield>
    <subfield code="e">pr&#xF3;logo</subfield>
    <subfield code="9">8495</subfield>
  </datafield>
  <datafield tag="710" ind1="2" ind2=" ">
    <subfield code="a">Pontificia  Universidad Cat&#xF3;lica Madre y Maestra </subfield>
    <subfield code="9">843</subfield>
  </datafield>
  <datafield tag="830" ind1=" " ind2="0">
    <subfield code="a">Estudios</subfield>
    <subfield code="n">73</subfield>
    <subfield code="9">83188</subfield>
  </datafield>
  <datafield tag="910" ind1=" " ind2=" ">
    <subfield code="a">Validado. Control de calidad MFF</subfield>
  </datafield>
  <datafield tag="942" ind1=" " ind2=" ">
    <subfield code="2">ddc</subfield>
    <subfield code="c">LBS1</subfield>
  </datafield>
  <datafield tag="952" ind1=" " ind2=" ">
    <subfield code="0">0</subfield>
    <subfield code="1">0</subfield>
    <subfield code="2">ddc</subfield>
    <subfield code="5">1</subfield>
    <subfield code="7">0</subfield>
    <subfield code="8">PD</subfield>
    <subfield code="a">BNPHU</subfield>
    <subfield code="b">BNPHU</subfield>
    <subfield code="c">HD</subfield>
    <subfield code="d">2011-03-29</subfield>
    <subfield code="e">Donaci&#xF3;n</subfield>
    <subfield code="o">BNPHU PD 330.97293 V422c</subfield>
    <subfield code="p">27045-10</subfield>
    <subfield code="r">2020-06-25</subfield>
    <subfield code="w">2020-06-25</subfield>
    <subfield code="y">LBS1</subfield>
  </datafield>
  <datafield tag="952" ind1=" " ind2=" ">
    <subfield code="0">0</subfield>
    <subfield code="1">0</subfield>
    <subfield code="2">ddc</subfield>
    <subfield code="5">1</subfield>
    <subfield code="7">0</subfield>
    <subfield code="8">PD</subfield>
    <subfield code="a">BNPHU</subfield>
    <subfield code="b">BNPHU</subfield>
    <subfield code="c">HD</subfield>
    <subfield code="d">2011-04-19</subfield>
    <subfield code="o">BNPHU PD 330.97293 V422c</subfield>
    <subfield code="p">27045-20</subfield>
    <subfield code="r">2020-06-25</subfield>
    <subfield code="t">e. 2</subfield>
    <subfield code="w">2020-06-25</subfield>
    <subfield code="y">LBS1</subfield>
  </datafield>
  <datafield tag="952" ind1=" " ind2=" ">
    <subfield code="0">0</subfield>
    <subfield code="1">0</subfield>
    <subfield code="2">ddc</subfield>
    <subfield code="5">6</subfield>
    <subfield code="7">0</subfield>
    <subfield code="8">DS</subfield>
    <subfield code="a">BNPHU</subfield>
    <subfield code="b">BNPHU</subfield>
    <subfield code="c">HD</subfield>
    <subfield code="d">2021-07-19</subfield>
    <subfield code="o">BNPHU DS 330.97293 V422c</subfield>
    <subfield code="p">2021-25217</subfield>
    <subfield code="r">2021-07-19</subfield>
    <subfield code="t">e.3</subfield>
    <subfield code="w">2021-07-19</subfield>
    <subfield code="y">LBS1</subfield>
  </datafield>
  <datafield tag="952" ind1=" " ind2=" ">
    <subfield code="0">0</subfield>
    <subfield code="1">0</subfield>
    <subfield code="2">ddc</subfield>
    <subfield code="5">6</subfield>
    <subfield code="7">0</subfield>
    <subfield code="8">DS</subfield>
    <subfield code="a">BNPHU</subfield>
    <subfield code="b">BNPHU</subfield>
    <subfield code="c">HD</subfield>
    <subfield code="d">2023-02-03</subfield>
    <subfield code="o">BNPHU DS 330.97293 V422c</subfield>
    <subfield code="p">2023-0631</subfield>
    <subfield code="r">2023-02-03</subfield>
    <subfield code="t">e.4</subfield>
    <subfield code="w">2023-02-03</subfield>
    <subfield code="y">LBS1</subfield>
  </datafield>
  <datafield tag="999" ind1=" " ind2=" ">
    <subfield code="c">26537</subfield>
    <subfield code="d">26537</subfield>
  </datafield>
</record>
